| 000 | 00737nam a2200229Ia 4500 | ||
|---|---|---|---|
| 001 | 16754 | ||
| 003 | GE_BSU | ||
| 008 | 181216s||||||||xx |||||||||||||| ||und|| | ||
| 040 | _cGE_BSU | ||
| 080 | _a82-93:821.353.1-32 | ||
| 100 | _aიოსელიანი, ოტია (1930-2011) | ||
| 245 | _aცხრა მთას იქით | ||
| 245 | _bსაბავშვო მოთხრობა | ||
| 245 | _cრედ. ხ. ბერულავა | ||
| 260 | _aთბილისი | ||
| 260 | _bნაკადული | ||
| 260 | _c1963 | ||
| 300 | _a79 გვ.ილ. ; 20 სმ | ||
| 653 | _aსაბავშვო მოთხრობა | ||
| 653 | _aცხრა მთას იქით | ||
| 942 | _cBK | ||
| 999 |
_c49819 _d49819 |
||